Statistiques concernant M2 option Cyber

Cliquez ici pour prendre le quiz!

Statistiques générales

  • Ce quiz a été pris 3 fois
  • Le résultat moyen est 10 sur 19

Statistiques - réponses

Cyber% Correct
Corentin T
100%
Hugo G
100%
Hugo S
100%
Loïc A
100%
Mathias C
100%
Paul C
100%
Thomas B
100%
Thomas C
100%
Thomas J
100%
Mathis
33%
Matthis
33%
Mehdi
33%
Auxence
0%
François
0%
Lilian
0%
Lorenzo
0%
Quentin
0%
Solène
0%
Sylvain
0%

Distribution des résultats

Percentile par nombre de réponses

% des personnes avec chaque résultat

Votre développement - résultats

Vous n’avez pas pris ce quiz